Numbers - Statistics

General Stats
  • This quiz has been taken 16 times
  • The average score is 7 of 10
Answer Stats
Hint Answer % Correct
százhuszonhét 127
90%
tizenhét 17
90%
kétezer-ötszázhuszonnyolc 2528
90%
nyolcvanhárom 83
80%
kettőszázhatvankilenc 269
70%
négyezer-négyszázhetvenegy 4471
70%
kilencezer-háromszázhetvenhét 9377
70%
ezerötven 1050
60%
ötezer-száznegyven 5140
60%
hétezer-hatszázhuszonnégy 7624
60%
No matching quizzes found
Score Distribution
Percent of People with Each Score
Percentile by Number Answered
Your Score History
You have not taken this quiz